000 00635 a2200193 4500
001 131094
020 _a85-02-00005-5
040 _cLeonardo Da Vinci
041 _aPortuguês
082 _a574 L855b
_bL855b
100 _aLOPES, Sônia Godoy Bueno Carvalho
245 _aBIO: livro azul
_bbiologia : 2. grau
250 _a6.ed
260 _bSaraiva
_c1988
_aSão Paulo
300 _a232
362 _a19880000
697 _aBiologia
_aOrigem da vida
_aCitologia
_aCélula
_aQuímica
_aDivisão celular
_aMenbranas
_aCitoplasma
_aEmbriologia
_aHistologia
_aSistema muscular
_aSistema nervoso
_aSistema vascular
_aEnsino Médio
942 _cBK
999 _c131094
_d131094